000 00436nam a22001097a 4500
082 _a891.433/TYA
100 _aत्‍यागी,सधीर
_974182
245 _aबंगला कहानियॉ (सदी की श्रेष्‍ठ क‍हानियॉ)
260 _aदिल्‍ली
_bलाॅॅयन बुक्‍स इंटरनेशनल
_c2019
650 _aकहानियॉ
942 _cBK
999 _c65652
_d65652